Ephesians 1 - Statistics

General Stats
  • This quiz has been taken 19 times
  • The average score is 90 of 485
Answer Stats
Hint Answer % Correct
an
100%
and
100%
apostle
100%
Christ
100%
of
100%
1:1 Paul,
100%
the
100%
the
100%
the
100%
and
75%
and
75%
and
75%
and
75%
be
75%
before
75%
before
75%
blameless
75%
chose
75%
Christ
75%
Christ.
75%
Father
75%
foundation
75%
from
75%
God
75%
1:2 Grace
75%
he
75%
1:5 he
75%
him
75%
him.
75%
holy
75%
in
75%
In
75%
Jesus
75%
Jesus:
75%
Jesus
75%
Lord
75%
love
75%
of
75%
our
75%
peace
75%
predestined
75%
should
75%
that
75%
the
75%
the
75%
the
75%
the
75%
To
75%
to
75%
us
75%
us
75%
we
75%
world,
75%
you
75%
adoption
50%
and
50%
are
50%
are
50%
as
50%
be
50%
1:3 Blessed
50%
blessed
50%
blessing
50%
by
50%
Christ,
50%
Christ
50%
Ephesus,
50%
1:4 even
50%
every
50%
faithful
50%
Father
50%
for
50%
God,
50%
God
50%
has
50%
heavenly
50%
in
50%
in
50%
in
50%
in
50%
Jesus
50%
Lord
50%
of
50%
of
50%
our
50%
places,
50%
saints
50%
spiritual
50%
the
50%
the
50%
the
50%
the
50%
the
50%
the
50%
to
50%
us
50%
who
50%
who
50%
will
50%
with
50%
a
25%
according
25%
according
25%
all
25%
an
25%
and
25%
and
25%
and
25%
and
25%
1:19 and
25%
and
25%
and
25%
and
25%
and
25%
and
25%
1:22 And
25%
and
25%
as
25%
Beloved.
25%
blessed
25%
blood,
25%
Christ,
25%
forgiveness
25%
glorious
25%
grace,
25%
grace,
25%
has
25%
have
25%
he
25%
he
25%
him
25%
himself
25%
his
25%
his
25%
his
25%
his
25%
his
25%
in
25%
1:7 In
25%
in
25%
insight
25%
Jesus
25%
known
25%
lavished
25%
1:9 making
25%
mystery
25%
of
25%
of
25%
of
25%
of
25%
of
25%
our
25%
praise
25%
purpose
25%
redemption
25%
riches
25%
sons
25%
the
25%
the
25%
the
25%
the
25%
the
25%
the
25%
the
25%
the
25%
the
25%
the
25%
the
25%
the
25%
the
25%
the
25%
the
25%
the
25%
the
25%
the
25%
the
25%
the
25%
the
25%
through
25%
through
25%
to
25%
1:6 to
25%
to
25%
to
25%
trespasses,
25%
upon
25%
us
25%
us,
25%
us
25%
we
25%
which
25%
1:8 which
25%
will,
25%
will,
25%
wisdom
25%
with
25%
above
0%
above
0%
according
0%
according
0%
according
0%
according
0%
acquire
0%
age
0%
all
0%
all
0%
all
0%
all
0%
all
0%
all
0%
all
0%
all.
0%
also,
0%
also
0%
are
0%
1:10 as
0%
as
0%
at
0%
authority
0%
be
0%
because
0%
been
0%
believe,
0%
believed
0%
body,
0%
but
0%
called
0%
cease
0%
Christ
0%
Christ,
0%
Christ
0%
Christ,
0%
Christ
0%
church,
0%
come.
0%
counsel
0%
dead
0%
do
0%
dominion,
0%
earth
0%
enlightened,
0%
every
0%
eyes
0%
faith
0%
1:21 far
0%
Father
0%
feet
0%
fills
0%
first
0%
for
0%
1:15 For
0%
for
0%
forth
0%
from
0%
fullness
0%
fullness
0%
gave
0%
give
0%
give
0%
glorious
0%
glory.
0%
glory.
0%
glory,
0%
God
0%
gospel
0%
great
0%
greatness
0%
guarantee
0%
hand
0%
has
0%
have
0%
have
0%
having
0%
1:18 having
0%
he
0%
he
0%
he
0%
he
0%
he
0%
head
0%
heard
0%
heard
0%
hearts
0%
heaven
0%
heavenly
0%
him.
0%
him
0%
him
0%
him
0%
him,
0%
him,
0%
him
0%
him
0%
him
0%
him
0%
his
0%
his
0%
his
0%
his
0%
his
0%
his
0%
his
0%
his
0%
his
0%
his
0%
Holy
0%
hope
0%
hope
0%
I
0%
1:16 I
0%
immeasurable
0%
in
0%
in
0%
in
0%
in
0%
1:11 In
0%
in
0%
1:13 In
0%
in
0%
in
0%
in
0%
in
0%
in
0%
in
0%
in
0%
in
0%
in
0%
in
0%
inheritance,
0%
inheritance
0%
inheritance
0%
is
0%
is
0%
is
0%
is
0%
is
0%
it,
0%
Jesus
0%
Jesus
0%
know
0%
knowledge
0%
Lord
0%
Lord
0%
love
0%
may
0%
may
0%
might
0%
might
0%
my
0%
name
0%
named,
0%
not
0%
not
0%
obtained
0%
of
0%
of
0%
of
0%
of
0%
of
0%
of
0%
of
0%
of
0%
of
0%
of
0%
of
0%
of
0%
of
0%
of
0%
of
0%
of
0%
of
0%
of
0%
of
0%
of
0%
on
0%
one
0%
only
0%
our
0%
our
0%
over
0%
places,
0%
plan
0%
possession
0%
power
0%
power
0%
praise
0%
praise
0%
prayers,
0%
predestined
0%
promised
0%
purpose,
0%
purpose
0%
put
0%
raised
0%
reason,
0%
remembering
0%
revelation
0%
riches
0%
right
0%
rule
0%
saints,
0%
saints,
0%
salvation,
0%
sealed
0%
seated
0%
set
0%
1:12 so
0%
Spirit,
0%
Spirit
0%
thanks
0%
that
0%
1:17 that
0%
that
0%
1:20 that
0%
that
0%
the
0%
the
0%
the
0%
the
0%
the
0%
the
0%
things
0%
things
0%
things
0%
things
0%
things
0%
things
0%
this
0%
this
0%
time,
0%
to
0%
to
0%
to
0%
to
0%
to
0%
to
0%
to
0%
to
0%
to
0%
to
0%
to
0%
to
0%
toward
0%
toward
0%
truth,
0%
under
0%
unite
0%
until
0%
us
0%
we
0%
we
0%
we
0%
were
0%
were
0%
what
0%
what
0%
what
0%
when
0%
when
0%
which
0%
which
0%
1:23 which
0%
who
0%
who
0%
1:14 who
0%
who
0%
who
0%
will,
0%
wisdom
0%
with
0%
word
0%
worked
0%
working
0%
works
0%
you
0%
you
0%
you,
0%
you
0%
you
0%
you
0%
you,
0%
your
0%
your
0%
your
0%
your
0%
No matching quizzes found
Score Distribution
Percent of People with Each Score
Percentile by Number Answered
Your Score History
You have not taken this quiz